| 000 | 01089nam a2200289 i 4500 | ||
|---|---|---|---|
| 001 | bg | ||
| 100 | 1 | _aWESOŁOWSKI, Marek | |
| 245 | 1 | 0 |
_aZbiór zadań z analizy chemicznej / _cMarek Wesołowski, Krystyna Szefer, Danuta Zimna. |
| 250 | _aWyd. 2 uzup. | ||
| 260 |
_aWarszawa : _bWydawnictwa Naukowo-Techniczne, _c2002. |
||
| 300 |
_a298 s. ; _c21 cm. |
||
| 504 | _aBibliogr. | ||
| 521 | _aDla studentów uniwersytetów, politechnik, akademii medycznych i rolniczych, którzy w programie studiów mają zajęcia z chemii analitycznej oraz uczniów szkół ponadgimnazjalnych o profilu chemicznym. | ||
| 650 | 9 | _aChemia analityczna | |
| 655 | _aPodręczniki akademickie | ||
| 700 | 1 | _aSZEFER, Krystyna | |
| 700 | 1 | _aZIMNA, Danuta | |
| 015 | _aPB 12827/2002 | ||
| 020 | _a832042741X | ||
| 040 | _cBPK | ||
| 041 | 0 | _apol | |
| 080 | _a543(075.8) | ||
| 920 | _a83-204-2741-X | ||
| 942 | _cKS | ||
| 008 | s pl f |000 0 pol | ||
| 999 |
_c46723 _d46723 |
||
| 856 |
_uhttp://koha.tu.koszalin.pl/cgi-bin/koha/opac-detail.pl?biblionumber=46723 _yKatalog online BPK |
||